Normal view
MARC view
Entry Personal Name
001 - CONTROL NUMBER
- control field: 25789
003 - CONTROL NUMBER IDENTIFIER
- control field: UA-OsUOA
005 - DATE AND TIME OF LATEST TRANSACTION
- control field: 20260703094738.0
008 - FIXED-LENGTH DATA ELEMENTS
- fixed length control field: 260703|| aca||aabn | a|a d
040 ## - CATALOGING SOURCE
- Original cataloging agency: UA-OsUOA
- Transcribing agency: UA-OsUOA
100 ## - HEADING--PERSONAL NAME
- Personal name: Фесенко А
670 ## - SOURCE DATA FOUND
- Source citation: Work cat.: (UA-OsUOA)434304: Фесенко А., Перші кроки, 1950